| 000 | 00343nam a2200133Ia 4500 | ||
|---|---|---|---|
| 008 | 240624s9999 xx 000 0 und d | ||
| 041 | _aeng | ||
| 082 | _a823 ROL | ||
| 100 | _aROLLINS JAMES | ||
| 245 | _aLAST ORACLE MANKIND NEEDS A NEW PROPHET | ||
| 260 |
_c2009 _aLondon _bAn Orion |
||
| 300 | _axii, : 497 : p. : cm. ; 17 | ||
| 365 |
_cRS _b20 |
||
| 999 |
_c13625 _d13625 |
||